Systems biology: A textbook (Record no. 17229)

MARC details
000 -LEADER
fixed length control field 00438nam a2200169Ia 4500
008 - FIXED-LENGTH DATA ELEMENTS--GENERAL INFORMATION
fixed length control field 230917s9999||||xx |||||||||||||| ||und||
020 ## - ISBN
Price USD99.95
040 ## - CATALOGING SOURCE
-- 230162
Original cataloging agency VIVEKANANDA LIBRARY
041 ## - Language
-- English
082 ## - DDC NUMBER
Classification number 570 K689S
100 ## - MAIN ENTRY--PERSONAL NAME
Personal name Klipp, Edda
245 #0 - TITLE STATEMENT
Title Systems biology: A textbook
260 ## - PUBLICATION, DISTRIBUTION, ETC. (IMPRINT)
Place of publication, distribution, etc Weinheim
Name of publisher, distributor, etc Wiley-VCH
Date of publication, distribution, etc 2010
300 ## - PHYSICAL DESCRIPTION
Pages xxi, 569 p.
500 ## - GENERAL NOTE
General note 2242 05/01/2016 IBS15/296 08/01/2016 Main Budget
942 ## - ADDED ENTRY ELEMENTS (KOHA)
Koha item type Books
Holdings
Withdrawn status Lost status Damaged status Not for loan Location (home branch) Sublocation or collection (holding branch) Date acquired Koha issues (times borrowed) Koha full call number Accession No. Koha date last seen Koha item type
        VIVEKANANDA LIBRARY VIVEKANANDA LIBRARY 14/03/2016   570 K689S 356604 17/09/2023 Books
        VIVEKANANDA LIBRARY VIVEKANANDA LIBRARY 14/03/2016   570 K689S 356605 17/09/2023 Books
© Designed and Maintained by Vivekananda Library, MDU Rohtak